| 000 | 01140cas a2200325 i 4500 | ||
|---|---|---|---|
| 003 | CSPC | ||
| 005 | 20251209112715.0 | ||
| 008 | 251209c2018 iluqr p 0 a0eng c | ||
| 022 | 0 |
_a0195-6744 _21 |
|
| 040 |
_aCSPC _beng _cCSPC _erda |
||
| 050 | 0 | 0 |
_aL11 _b.S55 |
| 130 | 0 | _aAmerican journal of education (Chicago, Ill.) | |
| 245 | 0 | 0 | _aAmerican journal of education. |
| 264 |
_aChicago : _bThe University of Chicago Press, _c2018. |
||
| 300 |
_avolumes : _c23 cm. _billustrations ; |
||
| 310 | _aQuarterly | ||
| 336 |
_atext _btxt _2rdacontent |
||
| 337 |
_aunmediated _bn _2rdamedia |
||
| 338 |
_avolume _bnc _2rdacarrier |
||
| 362 | 0 | _aVolume 125, Number 1 | |
| 490 | _aSponsored by the Penn State College of Education. | ||
| 504 | _aIncludes bibliographical references. | ||
| 521 | _aCTDE | ||
| 650 | 0 |
_aEducation _xPeriodicals. |
|
| 655 | 7 |
_aPeriodicals. _2fast _0(OCoLC)fst01411641 |
|
| 700 | 1 |
_aLeTendre, Gerald., _eeditor. |
|
| 700 | 1 |
_aMitra, Dana., _eeditor. |
|
| 942 |
_2ddc _n0 _cSERIALS _h370/.5 _iAm351 _kSER _m2018 |
||
| 999 |
_c31126 _d31126 |
||